Statistiques concernant Les 20 meilleurs buteurs de la LDC

Cliquez ici pour prendre le quiz!

Statistiques générales

  • Ce quiz a été pris 1 025 fois
  • Le résultat moyen est 13 sur 20

Statistiques - réponses

ButsJoueurNationalité% Correct
140Cristiano RonaldoPortugal
100%
129Lionel MessiArgentine
100%
93Robert LewandowskiPologne
98%
44Kylian MbappéFrance
94%
90Karim BenzemaFrance
92%
40Erling HaalandNorvège
86%
44Mohamed SalahEgypte
84%
43Neymar Jr.Brésil
83%
53Thomas MüllerAllemagne
79%
48Zlatan IbrahimovicSuède
78%
44Didier DrogbaCote d'Ivoire
77%
50Thierry HenryFrance
73%
71RaúlEspagne
58%
46EusébioPortugal
38%
41Sergio AgüeroArgentine
34%
48Andreï ChevchenkoUkraine
30%
56Ruud van NistelrooyPays-Bas
30%
42Alessandro Del PieroItalie
27%
46Filippo InzaghiItalie
24%
49Alfredo Di StéfanoEspagne
15%

Distribution des résultats

Percentile par nombre de réponses

% des personnes avec chaque résultat

Votre développement - résultats

Vous n’avez pas pris ce quiz